[Event "36th Mitropa Cup Open 2018"]
[Site "Isola Capo Rizzuto"]
[Date "2018.06.06"]
[Round "6"]
[White "Nayhebaver, Martin"]
[Black "Mesaros, Florian"]
[Result "1/2-1/2"]
[WhiteElo "2478"]
[BlackElo "2436"]
[Annotator "TA"]
[PlyCount "105"]
[EventDate "2018.05.31"]
[EventType "team-tourn"]
[EventCountry "ITA"]
[SourceTitle "playchess.com"]
[Source "ChessBase"]
[SourceQuality "1"]
[WhiteTeam "Slovakia"]
[BlackTeam "Austria"]
[WhiteTeamCountry "SVK"]
[BlackTeamCountry "AUT"]

{[%evp 34,105,0,10,32,-11,-9,-24,0,-19,0,-37,0,11,26,-16,-27,-154,-160,-190,-97,-110,-70,-139,-139,-187,-197,-315,-291,-532,-554,-547,-532,-504,-206,-525,-508,-512,-374,-511,-507,-483,-478,-557,-560,-560,-438,-518,-508,-491,0,0,0,0,237,244,237,224,323,305,317,331,311,260,468,432,1190,1215,1215,1215,1112,1060,29989,29989]} 1. e4 e5 2. Nf3 Nc6 3. Bb5 {[%cal Bf1b5,Bb5a4,Ba4b3][%mdl 32]} a6 4. Ba4 Nf6 5. O-O Be7 6. Re1 b5 7. Bb3 d6 8. c3 O-O 9. h3 Bb7 10. d4 Re8 11. Nbd2 Bf8 12. a3 h6 13. Bc2 Nb8 14. b4 Nbd7 15. Bb2 c5 16. bxc5 {C93: Spanische Partie (Smyslow-Variante)} exd4 17. cxd4 (17. cxd6 dxc3 18. Bxc3 Bxd6 19. e5 Nd5 20. Bb2 Bc7 {½-½ (20) Motylev,A (2665)-Erdos,V (2614) Minsk 2017}) 17... dxc5 18. d5 {LiveBook: 7 Partien. Die Stellung ist ausgeglichen.} Qc7 19. Rc1 c4 $146 ({Vorgänger:} 19... Rac8 20. Bb1 Bd6 21. Nf1 Bf4 22. Rc3 Ne5 23. g3 Nxf3+ 24. Rxf3 {1-0 (44) Mokry,K (2420)-Franzen,J (2370) Frenstat 1982}) 20. Bb1 Bd6 21. Nd4 Rac8 22. Nf5 Be5 23. Bxe5 Nxe5 24. d6 Qc5 $36 {[%mdl 2048] Schwarz hat gut koordiniertes Spiel.} 25. Re3 (25. Rc3 $11 {bleibt in der Remisbreite.}) 25... Rcd8 $17 26. Qe1 Bc8 (26... g6 $1 $19 {[%cal Rg6f5]} 27. Nb3 Qb6) 27. Ne7+ Kh8 28. f4 ({Lieber} 28. Nxc8 $15 Rxc8 29. f4) 28... Ng6 $1 {[%cal Rg6f4]} 29. Nxg6+ fxg6 30. Nf3 {[#]} (30. Nf1 {war angesagt.}) 30... Nd5 $1 $19 {[%mdl 512]} 31. exd5 $2 (31. Kf2 {war die einzige Verteidigung.} Nxf4 32. e5) 31... Rxe3 32. Qf2 Qxa3 33. Rf1 Rf8 (33... Kg8 $142 34. f5 Qc3 35. fxg6 Rxd6) 34. Nd4 $2 (34. Nh4 {war die entscheidende Verteidigung.}) 34... Qc3 35. Nc6 Bd7 36. Ne7 Rf6 37. Nxg6+ Kg8 38. Qh4 Qd4 {Droht stark ...Tf3+.} 39. Kh2 Kf7 40. Qh5 Ke8 41. Rd1 Qb2 $2 (41... Qb6 $19 42. Qh4 Qxd6) 42. Ne5+ $11 Kd8 43. Nxd7 Kxd7 $2 (43... g6 $11 44. Bxg6 (44. Qg4 $2 h5 $19) 44... Kxd7 45. Qg4+ Kd8) 44. Qg4+ $18 Kxd6 {[#]} 45. Qc8 $1 {[%cal Rc8c6] Und Dc6+ würde nun gewinnen.} Rxh3+ (45... Qe2 $142 46. Qc6+ Ke7 47. d6+ Kf8 48. Qc8+ Kf7) 46. Qxh3 {Und weiter mit Dc8 wäre nett.} Qe2 47. Qa3+ Kd7 {[#]} 48. Rd4 $1 {Dc5 ist eine echte Drohung.} g5 $2 (48... Qe7 {kämpft weiter.} 49. Qh3+ Kd8) 49. Qh3+ Kd6 (49... Kd8 $142 50. Re4 Qd1) 50. Re4 Qb2 51. Qc8 {[%csl Gd5][%cal Rc8c6]} Kxd5 52. Re5+ Kd4 53. Qd8+ {[%mdl 32768] Precision: Weiß = 31%, Schwarz = 23%. . An unexpected result.} 1/2-1/2

[Event "36th Mitropa Cup Open 2018"]
[Site "Isola Capo Rizzuto"]
[Date "2018.06.07"]
[Round "6"]
[White "Studer, Noel"]
[Black "Drnovsek, Gal"]
[Result "1/2-1/2"]
[WhiteElo "2475"]
[BlackElo "2404"]
[Annotator "TA"]
[PlyCount "155"]
[EventDate "2018.05.31"]
[EventType "team-tourn"]
[EventCountry "ITA"]
[SourceTitle "playchess.com"]
[Source "ChessBase"]
[SourceQuality "1"]
[WhiteTeam "Switzerland"]
[BlackTeam "Slovenia"]
[WhiteTeamCountry "SUI"]
[BlackTeamCountry "SLO"]

{[%evp 19,155,11,9,5,13,0,15,18,17,24,25,20,0,0,0,-5,-2,0,-4,-3,0,0,0,0,0,-91,-96,-103,-95,-94,-108,-99,-97,-61,-44,-59,-22,-54,-30,-44,-45,-116,-63,-97,-92,-70,-20,-47,-27,-131,-124,-280,-177,-202,-202,-225,-130,-319,-263,-522,-509,-445,-378,-349,-366,-361,-358,-344,-325,-275,-220,-255,-225,-193,-193,-189,-190,-208,-181,-175,-154,-142,-122,-117,-113,-107,-114,-128,-45,-31,-21,-38,0,-57,-66,-250,-257,-261,-216,-202,-126,-116,0,-200,0,-252,-238,-214,-15,-16,0,-187,-151,-154,-135,-155,-137,-206,-213,-369,-150,-261,0,0,0,0,0,0,0,0,0,0,0,0,0,0,0,0]} 1. d4 Nf6 2. c4 e6 3. Nf3 d5 4. g3 Bb4+ 5. Bd2 Be7 6. Bg2 O-O 7. O-O Nbd7 8. Qb3 c6 9. Bf4 Nh5 10. Bc1 Nhf6 11. Rd1 {E07: Closed Catalan: Main Line (5 Nf3 0-0 6 0-0 Nbd7)} b6 12. Nc3 Bb7 13. Bf4 Nh5 14. Bd2 Nhf6 {[%cal Bh5f6,Bf6e4,Be4d6,Bd6c4][%mdl 32]} 15. Rac1 Rc8 16. cxd5 (16. Ne1 dxc4 17. Qxc4 b5 18. Qb3 Qb6 19. Bg5 h6 20. Bxf6 Nxf6 {1-0 (38) Ding,L (2766)-Eljanov,P (2760) Wijk aan Zee 2016}) 16... cxd5 17. Nb5 Rxc1 $146 ({Predecessor:} 17... a6 18. Rxc8 Bxc8 {1-0 (40) Yang,K (2465)-Sai Agni,J (2373) Novi Sad 2018}) 18. Rxc1 a6 $1 {[%cal Ra6b5]} 19. Nc3 ({Avoid the trap} 19. Rc7 $2 Ba8 $19) 19... Ne4 20. Bf4 Nd6 21. Na4 Nc4 22. Qd1 (22. Qc2 $11) 22... g5 $1 $17 {[%cal Rg5f4]} 23. Nxg5 Bxg5 24. Bxg5 Qxg5 {[#]} 25. Rxc4 $1 {[%mdl 512]} dxc4 26. Bxb7 Rb8 27. Bc6 Nf6 (27... b5 $5 {[%cal Rb5a4]} 28. Nc3 Nf6 $15) 28. e3 Qf5 29. Nc3 b5 {[%cal Bb6b5,Bb5b4][%mdl 32]} 30. e4 (30. a3 $1 $15) 30... Qg6 (30... Qh5 $17 {aiming for ...Qxd1+.} 31. Qxh5 Nxh5) 31. Qf3 b4 $36 {[%mdl 2048] Black is really pushing.} 32. Ne2 Rd8 33. h3 Qg5 34. Kg2 (34. h4 $11 {keeps the balance.} Qh6 35. d5) 34... Kg7 35. Kh2 $2 (35. h4 $17 {might work better.} Qd2 36. e5) 35... a5 36. Kg2 h6 37. a4 e5 (37... Qd2 $19 38. e5 Nd5 39. Qg4+ (39. Bxd5 $2 Rxd5 40. Qg4+ Kf8 $17) 39... Qg5) 38. h4 $2 (38. Bb5 $17 {was the only chance.}) 38... Qg4 39. dxe5 $2 (39. Qe3 Qg6 40. dxe5) 39... Qxf3+ $19 40. Kxf3 {[%mdl 4096] Endgame KRN-KBN} Nd7 41. Bd5 Nxe5+ 42. Ke3 Nd3 43. b3 Nb2 44. Nd4 cxb3 45. Nxb3 Rc8 46. Nxa5 Rc3+ 47. Kd4 Nxa4 48. g4 Nb2 49. Nc6 Rd3+ 50. Ke5 Rf3 {Threatens to win with ...b3.} 51. Nxb4 Nd1 52. g5 h5 $1 53. Nc6 Nxf2 (53... Rxf2 $17 {And now ...Ne3 would win.} 54. Nd8 Ne3 55. Bxf7 Rxf7 56. Nxf7 Kxf7) 54. Nd4 $1 $15 {[%cal Rd4f3]} Ng4+ (54... Rh3 {with more complications.} 55. Nf5+ Kf8 56. Bc4 Rf3 57. Kd4 Ng4) 55. Kd6 Rd3 (55... Ra3 {looks sharper.} 56. Ne2 Ra6+ 57. Ke7 Ne5 58. Ng3 Ng6+) 56. Nf5+ (56. Ne2 $1 $11) 56... Kf8 $1 57. Kc5 $2 ({Better is} 57. Nh6 $15) 57... Ne5 $1 $19 58. Nh6 Rd2 59. Bb3 Kg7 60. Nf5+ Kf8 (60... Kg8 $17 61. Bd5 Kf8) 61. Nh6 $1 Rd3 62. Bd5 Rd1 $1 63. Bb3 {[#]} Nd7+ $2 (63... Rf1 $1 $19 {White must now prevent ...Ng6.} 64. Nf5 Nf3) 64. Kc6 $11 Ne5+ $2 (64... Nb8+ $11 65. Kc7 Na6+ 66. Kc6 Re1) 65. Kc5 $19 Rd7 66. Bd5 Ng6 67. Nf5 Ra7 68. Kd4 {[#]} (68. Bb3 $17 {was necessary.}) 68... Ra3 $1 69. Nh6 $2 (69. e5 {was called for.}) 69... Rf3 (69... Nxh4 $19 {and Black stays clearly on top.} 70. Kc5 Nf3) 70. e5 (70. Bc4 $17 {was worth a try.}) 70... Nxh4 $2 (70... Rf1 $19 71. Kd3 Nxe5+ 72. Ke3 f6 73. gxf6 Ng6) 71. Bxf3 $11 {The position is equal.} Nxf3+ $19 {KN-KN} 72. Ke4 Nxg5+ 73. Kf5 Nh7 {Hoping for ...Kg7.} 74. Kf4 Ke7 75. Kg3 Ke6 76. Kh4 Kxe5 77. Nxf7+ Kf6 78. Kxh5 {Precision: White = 44%, Black = 54%.} 1/2-1/2

[Event "36th Mitropa Cup Open 2018"]
[Site "Isola Capo Rizzuto"]
[Date "2018.06.06"]
[Round "6"]
[White "Velten, Paul"]
[Black "Hracek, Zbynek"]
[Result "1/2-1/2"]
[WhiteElo "2470"]
[BlackElo "2575"]
[Annotator "TA"]
[PlyCount "65"]
[EventDate "2018.05.31"]
[EventType "team-tourn"]
[EventCountry "ITA"]
[SourceTitle "playchess.com"]
[Source "ChessBase"]
[SourceQuality "1"]
[WhiteTeam "France"]
[BlackTeam "Czech Republic"]
[WhiteTeamCountry "FRA"]
[BlackTeamCountry "CZE"]

{[%evp 15,65,16,29,19,17,20,23,21,24,24,29,23,35,28,12,16,30,30,35,30,49,25,33,27,30,25,44,36,71,79,95,74,94,95,290,48,99,-5,0,0,-24,-38,-40,-72,-47,-96,-87,-181,35,0,30,4]} 1. d4 e6 2. c4 Bb4+ 3. Bd2 a5 4. a3 Bxd2+ 5. Qxd2 Nf6 (5... d6 6. Nc3 Nc6 7. e3 e5 8. Nf3 Bg4 9. Be2 Nge7 10. h3 Bxf3 11. Bxf3 exd4 12. exd4 {1-0 (58) Riazantsev,A (2666)-Popov,I (2609) Sochi 2017}) 6. Nc3 {A40: Verschiedene (seltene) Antworten auf 1.d4} d5 7. Nf3 O-O 8. e3 Qe7 {LiveBook: 5 Partien} 9. Rc1 Nbd7 10. cxd5 $146 ({Vorgänger:} 10. h3 h6 11. cxd5 exd5 12. Bd3 c6 13. O-O b6 14. Rfe1 {½-½ (51) Barwinski,D (2136)-Jarmula,P (2123) Szklarska Poreba 2013}) 10... exd5 11. Bd3 Nb6 12. Qc2 Be6 13. O-O g6 14. Rce1 c6 15. Ng5 Nc8 16. Nxe6 Qxe6 17. f3 Nh5 18. g3 Qd6 19. Ne2 Ne7 20. e4 $36 {[%mdl 2048] Weiss kämpft um Vorteil.} dxe4 21. fxe4 Ng7 22. Bc4 Ne6 23. Rd1 Rad8 24. Rf6 {Droht Sf4 und aus.} Kg7 $2 {[#]} (24... b5 $16 {war einen Versuch wert.}) 25. Qb3 $2 (25. Nf4 $1 $18) 25... Qc7 {[#]} (25... Ng8 $14 26. Rff1 b5) 26. Rdf1 (26. Rff1 $1 $16) 26... Ng8 $11 27. R6f2 Ng5 28. Kh1 {Droht stark h4.} Nh6 29. Rf4 {Schwarz muss nun h4 beachten.} Qe7 (29... b5 $5 {[%cal Rb5c4]} 30. Bd3 Ne6 $11) 30. Qe3 f5 31. e5 (31. d5 $17 Nxe4 32. Nc3) 31... Ne6 $2 (31... Ng4 $19 32. Qc3 b5) 32. Qc3 a4 33. R4f3 {Precision: Weiß = 38%, Schwarz = 38%.} (33. Bxe6 $5 Qxe6 34. R4f3 $14) 1/2-1/2

[Event "36th Mitropa Cup Open 2018"]
[Site "Isola Capo Rizzuto"]
[Date "2018.06.06"]
[Round "6"]
[White "Perske, Thore"]
[Black "Nagy, Gabor"]
[Result "1/2-1/2"]
[WhiteElo "2464"]
[BlackElo "2472"]
[Annotator "TA"]
[PlyCount "221"]
[EventDate "2018.05.31"]
[EventType "team-tourn"]
[EventCountry "ITA"]
[SourceTitle "playchess.com"]
[Source "ChessBase"]
[SourceQuality "1"]
[WhiteTeam "Germany"]
[BlackTeam "Hungary"]
[WhiteTeamCountry "GER"]
[BlackTeamCountry "HUN"]

{[%evp 15,221,38,81,27,34,21,58,31,75,73,72,31,31,0,4,0,-10,-32,-4,-42,0,0,10,0,0,0,0,0,11,0,0,0,16,16,21,16,23,0,37,35,33,0,0,0,0,0,0,0,0,0,0,0,16,16,16,16,16,0,0,0,14,0,0,0,0,0,0,0,0,0,0,0,0,0,0,0,0,0,0,0,0,0,0,0,0,0,0,0,0,0,0,0,0,0,0,0,0,0,0,0,0,0,0,0,0,0,0,0,0,0,0,0,0,0,0,0,0,0,0,0,0,0,0,0,0,0,0,0,0,0,0,0,0,0,0,0,0,0,0,0,0,0,0,0,0,0,0,0,0,0,0,0,0,0,0,0,0,0,0,0,0,0,0,0,0,0,0,0,0,0,0,0,0,0,0,0,0,0,0,0,0,0,0,0,0,0,0,0,0,0,0,0,0,0,0,0,0,0,0,0,0,0,0,0,0,0,0,0]} 1. e4 c5 2. Nf3 e6 3. d4 cxd4 4. Nxd4 Nc6 5. Nc3 Qc7 6. Be3 Nf6 7. f4 d6 8. Qf3 a6 9. Nxc6 {B82: Sicilian Scheveningen: 6 f4} (9. O-O-O $16) (9. Bd3 Be7 10. O-O O-O 11. Kh1 Bd7 12. Rae1 b5 13. a3 Rab8 14. Nxc6 Bxc6 15. Qh3 Rfd8 16. Bd2 d5 17. e5 Ne4 18. f5 Nxd2 19. fxe6 Ne4 20. exf7+ {1-0 (30) Kamsky,G (2741)-Mamedyarov,S (2775) Tromsoe 2013}) 9... bxc6 $11 10. g4 Nd7 11. g5 {White is slightly better.} Be7 12. h4 Rb8 $146 ({Predecessor:} 12... Qa5 13. O-O-O Rb8 14. Ba7 Rb7 15. Bg1 O-O 16. h5 e5 17. h6 g6 18. Be3 exf4 19. Qxf4 {1-0 (30) Comp Gandalf-Kuijf,N The Hague 1997}) 13. b3 d5 14. Na4 c5 15. exd5 exd5 16. Bg2 Bb7 {[#] Threatens to win with ...d4.} 17. Bd2 O-O (17... d4 $5 {[%cal Rb7f3]} 18. Qe2 Bxg2 19. Qxg2 c4 $15) 18. O-O d4 19. Qe2 {With the idea Bxb7.} Rfe8 {Strongly threatening ...Bxg5!} 20. Bxb7 Qxb7 21. Qg2 Qxg2+ 22. Kxg2 {[#]} c4 $1 {[%mdl 512]} 23. Rae1 (23. bxc4 Rec8) 23... Bd6 24. Kf3 f5 25. Rxe8+ Rxe8 26. Re1 Rc8 27. Re6 Ba3 28. c3 ({Much weaker is} 28. Rxa6 c3 $15) (28. Ke2 {is more complex.} a5 29. Bxa5 cxb3 30. cxb3 Rc2+ 31. Kd3) 28... cxb3 {The position is equal.} 29. axb3 dxc3 30. Bxc3 Rb8 31. Rxa6 Rxb3 32. Ke2 {Ra7 is the strong threat.} Rb7 33. Nb6 Bf8 34. Nxd7 Rxd7 {[%mdl 4096] Endgame KRB-KRB} 35. h5 {[%cal Bh4h5,Bh5g6][%mdl 32]} Kf7 36. g6+ hxg6 37. hxg6+ Ke8 38. Ra5 Rd6 $1 39. Re5+ Kd7 40. Rxf5 Be7 41. Bxg7 Rxg6 42. Bd4 Rg3 43. Be3 Bd6 44. Rh5 Rg2+ 45. Kf3 Ra2 46. Bd4 Ra4 47. Be5 {Hoping for Rh7+.} Bf8 48. Rh8 Bc5 49. Rh7+ Ke6 50. Kg4 Ra8 51. Rh6+ Kd5 52. Bf6 Bd6 53. Bg5 Ra4 54. Kf5 Ra8 55. Rh1 Rf8+ 56. Kg4 Ke6 57. Re1+ Kf7 58. Ra1 Ke6 59. Ra5 Bxf4 60. Bxf4 {KRB-KR} Rf7 61. Kf3 Rd7 62. Ke4 Kf7 63. Kf5 Re7 64. Be5 Rd7 65. Ra1 Re7 66. Bf6 Rd7 67. Rh1 $1 Rd5+ 68. Be5 Rd7 69. Rh6 Re7 70. Rh2 Rd7 71. Rh3 Re7 72. Bd6 Rd7 73. Rh6 Ke8 74. Ke5 Rf7 75. Ke6 Re7+ 76. Kd5 Rf7 77. Bc5 (77. Rh8+ {feels hotter.} Kd7 78. Rh4 Rf5+ 79. Be5 Rf7 80. Ra4) 77... Kd7 78. Bd6 Rf5+ 79. Be5 $1 Rf7 80. Ra6 Ke8 81. Bf6 Rd7+ 82. Ke6 {White wants to mate with Ra8+.} Re7+ 83. Kf5 Rb7 84. Rd6 Rd7 85. Re6+ Kf7 86. Be5 Re7 87. Ra6 Rd7 88. Bd6 $1 Ke8 89. Ke5 Rf7 90. Kd5 Kd7 91. Ra1 Rf5+ 92. Be5 {aiming for Ra7+.} Rf7 93. Ra8 $1 Re7 94. Bf6 {Threatening mate with Ra7+.} Rf7 95. Ra6 Ke8 96. Ke6 {[%cal Ra6a8]} Re7+ 97. Kf5 Rb7 98. Rd6 Rd7 99. Re6+ Kf7 100. Re5 Rb7 101. Ra5 Rd7 102. Ra6 Rd5+ 103. Be5 (103. Ke4 $5 {[%cal Re4d5]} Rh5 104. Be5 $14) 103... Rd7 104. Rh6 Ke8 105. Bd6 Rf7+ 106. Kg6 {Rh8+ would kill now.} (106. Rf6 {seems wilder.} Rg7 107. Ke6 Re7+ 108. Kd5 Rg7 109. Kc6) 106... Rf2 107. Rh7 Rf1 108. Be5 Kd8 109. Bf6+ Kc8 110. Re7 Rf3 111. Kf7 {Precision: White = 66%, Black = 85%.} 1/2-1/2

[Event "36th Mitropa Cup Open 2018"]
[Site "Isola Capo Rizzuto"]
[Date "2018.06.06"]
[Round "6"]
[White "Biolek, Richard Jr"]
[Black "Sochacki, Christophe"]
[Result "1/2-1/2"]
[WhiteElo "2462"]
[BlackElo "2459"]
[Annotator "TA"]
[PlyCount "29"]
[EventDate "2018.05.31"]
[EventType "team-tourn"]
[EventCountry "ITA"]
[SourceTitle "playchess.com"]
[Source "ChessBase"]
[SourceQuality "1"]
[WhiteTeam "Czech Republic"]
[BlackTeam "France"]
[WhiteTeamCountry "CZE"]
[BlackTeamCountry "FRA"]

{[%evp 20,29,0,0,30,22,10,0,0,0,0,8]} 1. e4 e6 2. d4 d5 3. Bd3 dxe4 4. Bxe4 Nf6 5. Bf3 c5 6. Ne2 Nc6 {C01: French: Exchange Variation} 7. Be3 Nd5 8. Bxd5 Qxd5 9. Nbc3 Qxg2 10. Rg1 Qxh2 (10... Qf3 11. Nb5 Rb8 12. dxc5 Bd7 13. Nc7+ Kd8 14. Nb5 {0-1 (54) Kramnik,V (2808)-Caruana,F (2808) Stavanger 2017}) 11. Bf4 $1 {[%cal Rf4h2] LiveBook: 4 Games} Qh3 $1 12. Nb5 {Black must now prevent Nc7+.} f6 $146 {The position is equal.} ({Predecessor:} 12... e5 13. dxe5 Qd7 14. e6 fxe6 {1-0 (49) Onischuk,V (2629)-Razin,V (2341) Lutsk 2015}) 13. d5 {[#]} Nd4 $1 {[%cal Rd4f3]} 14. Nexd4 (14. Nbxd4 cxd4) 14... cxd4 15. Qxd4 1/2-1/2

[Event "36th Mitropa Cup Open 2018"]
[Site "Isola Capo Rizzuto"]
[Date "2018.06.06"]
[Round "6"]
[White "Jenni, Florian"]
[Black "Dobrovoljc, Vid"]
[Result "0-1"]
[WhiteElo "2446"]
[BlackElo "2310"]
[Annotator "TA"]
[PlyCount "64"]
[EventDate "2018.05.31"]
[EventType "team-tourn"]
[EventCountry "ITA"]
[SourceTitle "playchess.com"]
[Source "ChessBase"]
[SourceQuality "1"]
[WhiteTeam "Switzerland"]
[BlackTeam "Slovenia"]
[WhiteTeamCountry "SUI"]
[BlackTeamCountry "SLO"]

{[%evp 27,64,7,8,-9,-6,-60,-15,-18,-6,-3,7,-17,-12,-6,-29,-50,-56,-54,-58,-92,-103,-138,-141,-146,-152,-190,-186,-297,-302,-363,-340,-916,-898,-1077,-1046,-1054,-657,-672,-674]} 1. e4 c5 2. Nf3 d6 3. d4 cxd4 4. Nxd4 Nf6 5. Nc3 Nc6 6. Bg5 e6 7. Qd2 a6 8. O-O-O Bd7 9. f3 Be7 10. h4 h6 {B67: Sicilian: Richter-Rauzer: 7...a6 8 0-0-0 Bd7, lines without 9 f4 Be7} 11. Be3 h5 12. Bg5 Qc7 13. Kb1 Ne5 14. f4 (14. Bd3 b5 15. Rhe1 b4 16. Nce2 a5 17. f4 Neg4 18. Ng1 {½-½ (91) Short,N (2678)-Li,C (2732) Riadh 2017}) 14... Neg4 {LiveBook: 15 Games} 15. Re1 b5 {[%cal Bb7b5,Bb5b4][%mdl 32]} 16. Bd3 $146 (16. g3 $11) 16... Qb6 (16... b4 $5 {[%cal Rb4c3]} 17. Nd1 a5 $11) 17. Nf3 b4 18. Nd1 e5 19. Rhf1 a5 20. fxe5 dxe5 21. Ne3 Nxe3 22. Bxe3 Qc7 23. Ng5 O-O 24. Qe2 Bg4 $1 {[%cal Rg4e2]} 25. Qf2 {[#]} a4 $1 26. b3 {[#]} Ne8 $1 ({Stronger than} 26... axb3 27. cxb3 Nh7 28. Rc1 $11) 27. Qd2 (27. Rc1 {was called for.}) 27... Nd6 $19 28. Qxb4 Rfc8 (28... axb3 29. cxb3 Rfb8 30. Qc5 $11) 29. Qb6 $2 (29. Nf3 Nf5 30. Qd2 Nxe3 31. Rxe3) 29... Qc3 {Black is clearly winning.} 30. Rd1 Bxd1 31. Rxd1 Rc6 32. Bd2 Qxd2 {Precision: White = 14%, Black = 79%.} ({Weaker is} 32... Rxb6 33. Bxc3 f6 34. Nf3 $17) 0-1

[Event "36th Mitropa Cup Open 2018"]
[Site "Isola Capo Rizzuto"]
[Date "2018.06.06"]
[Round "6"]
[White "Tica, Sven"]
[Black "Brunello, Sabino"]
[Result "1/2-1/2"]
[WhiteElo "2446"]
[BlackElo "2537"]
[Annotator "TA"]
[PlyCount "135"]
[EventDate "2018.05.31"]
[EventType "team-tourn"]
[EventCountry "ITA"]
[SourceTitle "playchess.com"]
[Source "ChessBase"]
[SourceQuality "1"]
[WhiteTeam "Croatia"]
[BlackTeam "Italy"]
[WhiteTeamCountry "CRO"]
[BlackTeamCountry "ITA"]

{[%evp 23,135,25,27,21,32,32,45,33,32,43,42,33,62,48,43,33,32,26,27,4,31,31,37,38,39,35,41,16,100,101,93,84,195,191,194,172,143,9,7,7,7,8,8,9,55,20,48,43,40,6,6,6,6,7,6,0,0,0,6,0,269,283,281,284,269,284,441,441,441,171,169,0,0,0,0,0,8,8,8,8,8,8,8,8,8,8,8,8,8,8,41,8,8,8,8,8,8,8,8,8,8,8,8,8,8,8,8,8,8,8,8,8,8,8]} 1. d4 Nf6 2. c4 e6 3. g3 c5 4. d5 exd5 5. cxd5 d6 6. Nc3 g6 7. Bg2 Bg7 8. Nf3 O-O 9. O-O Re8 10. Bf4 Na6 11. Re1 {A62: Benoni (mit 7.g3)} Bg4 (11... Bf5 12. Nh4 Bd7 13. e4 c4 14. Qd2 Nc5 15. Bxd6 Nd3 16. Nf3 Ng4 17. Re2 Qb6 18. Bf4 Qxb2 19. Qxb2 Nxb2 {0-1 (40) Navara,D (2737)-Morozevich,A (2675) Biel 2017}) 12. e4 Nd7 {LiveBook: 4 Partien} 13. Qd2 {Weiß hat minimalen Vorteil.} ({Natürlich nicht} 13. Bxd6 Qb6 $15) 13... Bxf3 14. Bxf3 Ne5 15. Be2 $1 Nc7 {[#]} 16. a4 $146 ({Vorgänger:} 16. Kg2 Qd7 17. a4 f5 18. Rab1 {1-0 (32) Kozul,Z (2631)-Kulaots,K (2588) Karlsruhe 2017}) 16... Rb8 17. Rab1 Na6 18. Be3 Nb4 19. f4 Nd7 20. Bf2 a6 21. Rbd1 Qa5 22. Bf1 Qc7 23. Rc1 Qd8 24. Kh1 Nf6 25. h3 b5 (25... Nd7 $11) 26. axb5 $16 axb5 27. b3 Qd7 {[#]} (27... Nd7 $16 {war nötig.}) 28. e5 $1 $18 dxe5 29. fxe5 Nfxd5 30. Rcd1 (30. Bxc5 $16 Qe6 31. Nxb5) 30... Qf5 $11 31. Nxd5 Nxd5 32. Bxc5 Nc7 {[%cal Bd5c7,Bc7e6,Be6f4][%mdl 32]} 33. Bd6 Rbc8 {[%cal Rg7e5]} 34. Qd3 Qf2 35. Re2 Qa7 36. Rc2 {Tdc1 ist eine echte Drohung.} Ne6 37. Rxc8 Rxc8 38. Qxb5 Qf2 39. Qb7 Rd8 $1 {Weiss muss nun ...Lxe5! beachten.} 40. Bg2 $1 {Und weiter mit Tf1 wäre nett.} Qxg3 41. Rf1 $36 {[%mdl 2048] Weiss steht aktiver.} Nf4 $2 {[%mdl 8192] [#]} (41... Bxe5 $11 {und Schwarz steht sicher.} 42. Bxe5 Qxe5) 42. e6 $1 $18 {[%mdl 512]} Qxg2+ (42... Nxe6 43. Qxf7+) 43. Qxg2 Nxg2 44. Be7 ({Schwächer ist} 44. exf7+ Kh8 $16) 44... Rb8 (44... fxe6 {war angesagt.} 45. Bxd8 Ne3) 45. exf7+ Kh8 46. Bd6 $2 (46. Kxg2 Rxb3 47. Rf3) 46... Rd8 {[#]} 47. f8=Q+ $2 ({Weiss braucht} 47. Bb4 $1 $18 Ne3 48. Re1) 47... Bxf8 $11 48. Rxf8+ Rxf8 49. Bxf8 {[%mdl 4096] Endspiel KL-KS} Ne3 50. b4 Kg8 51. b5 Nc4 $1 ({Aber nicht} 51... Kxf8 $2 52. b6 $18) 52. Bc5 Kf7 53. b6 Na5 54. Kg2 Ke6 55. Kg3 Nb7 56. Be3 Kf5 57. h4 Ke4 {Die Stellung ist ausgeglichen.} 58. Bg5 Kd5 59. Kg4 Kc6 60. Be3 Nd6 61. Kg5 Nf5 62. Bf2 h5 63. Bg1 Kb7 64. Bc5 Kc6 65. Bf2 Kb7 66. Kxg6 Nxh4+ $1 67. Bxh4 Kxb6 68. Kxh5 {Precision: Weiß = 62%, Schwarz = 52%.} 1/2-1/2

[Event "36th Mitropa Cup Open 2018"]
[Site "Isola Capo Rizzuto"]
[Date "2018.06.06"]
[Round "6"]
[White "Blohberger, Felix"]
[Black "Jablonicky, Martin"]
[Result "0-1"]
[WhiteElo "2427"]
[BlackElo "2356"]
[Annotator "TA"]
[PlyCount "74"]
[EventDate "2018.05.31"]
[EventType "team-tourn"]
[EventCountry "ITA"]
[SourceTitle "playchess.com"]
[Source "ChessBase"]
[SourceQuality "1"]
[WhiteTeam "Austria"]
[BlackTeam "Slovakia"]
[WhiteTeamCountry "AUT"]
[BlackTeamCountry "SVK"]

{[%evp 15,74,19,29,7,47,46,56,53,52,32,28,26,33,0,20,30,54,52,76,-14,-29,-29,-36,-27,-35,-66,-37,-82,-56,-123,-134,-175,-170,-176,-137,-159,-147,-192,-144,-213,-212,-349,-359,-341,-324,-453,-443,-409,-457,-407,-462,-460,-459,-438,-446,-529,-532,-699,-696,-675,-668]} 1. b3 g6 2. Bb2 Nf6 3. g3 Bg7 4. Bg2 O-O 5. Nf3 d6 6. d4 {[%cal Bd2d4,Bd4d5][%mdl 32]} a5 {[%cal Ba7a5,Ba5a4][%mdl 32]} 7. c4 {A49: 1 d4 Nf6 2 Nf3 g6 3 g3: Anti-King's Indian systems} (7. O-O a4 8. b4 b5 9. Na3 c6 10. c4 bxc4 11. Nxc4 Nd5 12. a3 Nb6 13. Na5 Ba6 14. Rc1 Bb5 15. Re1 {1-0 (46) Pantsulaia,L (2612)-Vachier Lagrave,M (2789) Riadh 2017}) 7... a4 8. O-O c5 {LiveBook: 3 Games} 9. Nbd2 {White has an edge.} Nc6 $146 ({Predecessor:} 9... cxd4 10. Nxd4 Qb6 11. e4 Nc6 12. Nc2 Bg4 13. Qe1 Rfc8 14. h3 Be6 {0-1 (40) Condori Aranya,E (2170)-Roselli Mailhe,B (2420) Montevideo 2017}) 10. d5 Na7 11. bxa4 Bd7 12. Rb1 Nc8 13. e4 Rxa4 14. Qb3 Rb4 (14... b5 $5) 15. Qc2 Ba4 16. Qc1 Bh6 17. Bc3 (17. Qc3 $16) 17... Rxc4 $1 $11 18. Qa3 Rxc3 $1 19. Qxc3 b5 20. a3 Bg7 {[%mdl 1024] [#] ...Nxe4! is the strong threat. Black has compensation.} 21. Qc1 Nd7 22. Re1 ({White should try} 22. Qe1 $15) 22... c4 $17 23. Bf1 Nc5 24. Rb4 {intending Nb1.} Qa5 25. Re3 Nb6 26. Ne1 Rc8 27. Be2 (27. Nb1 $17 {was worth a try.}) 27... Nb3 $19 28. Nxb3 (28. Qd1 {was the only defense.}) 28... cxb3 ({Stronger than} 28... Bxb3 29. Nf3 $11) 29. Qd2 Nc4 30. Bxc4 bxc4 31. Rc3 Be8 32. Nf3 Bxc3 33. Qxc3 {Black is clearly winning.} Qxa3 34. Nd2 Qa2 {[#] aiming for ...Qc2.} 35. Nxb3 Qb1+ 36. Qc1 Qxe4 37. Nd2 Qxd5 {Precision: White = 33%, Black = 70%.} 0-1